Disaster recovery planning. : (Record no. 2695)
[ view plain ]
| 000 -LEADER | |
|---|---|
| fixed length control field | 00819nam a22002292 4500 |
| 001 - CONTROL NUMBER | |
| control field | 0000004453 |
| 005 - DATE AND TIME OF LATEST TRANSACTION | |
| control field | 20151217145809.0 |
| 008 - FIXED-LENGTH DATA ELEMENTS--GENERAL INFORMATION | |
| fixed length control field | 070523s xx 000 0 eng d |
| 020 ## - INTERNATIONAL STANDARD BOOK NUMBER | |
| International Standard Book Number | 0471121754 : |
| Terms of availability | KES 300 (donation) |
| 040 ## - CATALOGING SOURCE | |
| Original cataloging agency | KABU |
| Transcribing agency | KABU |
| 050 #0 - LIBRARY OF CONGRESS CALL NUMBER | |
| Classification number | QA76.9 |
| Item number | .D348T65 |
| 100 1# - MAIN ENTRY--PERSONAL NAME | |
| Personal name | Toigo, Jon William. |
| -- | 0000155025 |
| 245 10 - TITLE STATEMENT | |
| Title | Disaster recovery planning. : |
| Remainder of title | for computers and communication resources / |
| Statement of responsibility, etc. | Jon William Toigo. |
| 260 ## - PUBLICATION, DISTRIBUTION, ETC. (IMPRINT) | |
| Place of publication, distribution, etc. | New York : |
| Name of publisher, distributor, etc. | John Wiley & Sons, |
| Date of publication, distribution, etc. | c1996. |
| 300 ## - PHYSICAL DESCRIPTION | |
| Extent | xxii, 329 p. ; |
| Dimensions | 24 cm + |
| Accompanying material | 1 computer disk (3.5 in. ) |
| 650 #0 - SUBJECT ADDED ENTRY--TOPICAL TERM | |
| Topical term or geographic name as entry element | Emergency management. |
| -- | 0000155026 |
| 650 #0 - SUBJECT ADDED ENTRY--TOPICAL TERM | |
| Topical term or geographic name as entry element | Data recovery (Computer science) |
| General subdivision | Planning. |
| -- | 0000155027 |
| 650 #0 - SUBJECT ADDED ENTRY--TOPICAL TERM | |
| Topical term or geographic name as entry element | Data protection. |
| -- | 0000155028 |
| 908 ## - PUT COMMAND PARAMETER (RLIN) | |
| Put command parameter | 070523 |
| 950 ## - LOCAL HOLDINGS (RLIN) | |
| -- | 1 |
| Withdrawn status | Lost status | Source of classification or shelving scheme | Not for loan | Home library | Current library | Date acquired | Total Checkouts | Full call number | Barcode | Date last seen | Date last checked out | Price effective from | Koha item type |
|---|---|---|---|---|---|---|---|---|---|---|---|---|---|
| Library of Congress Classification | Kabarak, Main Campus | Kabarak, Main Campus | 17/12/2015 | 1 | QA76.9 .D348T65 | 008118 | 29/09/2017 | 14/09/2017 | 17/12/2015 | General Collection |